[Event "SR 2. liga A 2002/2003"]
[Site "?"]
[Date "2003.01.18"]
[Round "7.5"]
[White "Kubis, Ivan"]
[Black "Hanzluvka, Peter"]
[Result "0-1"]
[WhiteElo "2105"]
[BlackElo "2107"]
[PlyCount "50"]
[EventDate "2002.??.??"]

1. e4 c5 2. Nf3 a6 3. d4 cxd4 4. Nxd4 Nf6 5. Nc3 e5 6. Nb3 Bb4 7. Bd3 d5 8. Qe2
Bxc3+ 9. bxc3 dxe4 10. Bxe4 Nxe4 11. Qxe4 O-O 12. O-O Qc7 13. Ba3 Rd8 14. Rad1
Nc6 15. Rxd8+ Qxd8 16. f4 exf4 17. Qxf4 Be6 18. Bd6 h6 19. h4 Ne7 20. g3 Ng6
21. Qb4 Rc8 22. Na5 b6 23. Nb7 Qd7 24. Qxb6 Bd5 25. Nc5 Qh3 0-1

[Event "SR 2. liga A 2002/2003"]
[Site "?"]
[Date "2003.01.18"]
[Round "7.5"]
[White "Labar, Eduard"]
[Black "Kuna, Vladimir"]
[Result "1/2-1/2"]
[WhiteElo "2049"]
[BlackElo "2159"]
[PlyCount "23"]
[EventDate "2002.??.??"]

1. d4 d5 2. Nf3 Nf6 3. Bg5 e6 4. e3 Be7 5. Bd3 Nbd7 6. Nbd2 O-O 7. O-O c5 8. c3
b5 9. Qc2 g6 10. h3 Kg7 11. Bf4 Bb7 12. Ne5 1/2-1/2

[Event "SR 2. liga A 2002/2003"]
[Site "?"]
[Date "2003.01.18"]
[Round "7.5"]
[White "Skapikova, Lubica"]
[Black "Manak, Jozef"]
[Result "1/2-1/2"]
[WhiteElo "2057"]
[BlackElo "2076"]
[PlyCount "25"]
[EventDate "2002.??.??"]

1. e4 c5 2. Nf3 a6 3. c4 Nc6 4. d4 cxd4 5. Nxd4 g6 6. Nc3 Bg7 7. Be3 Nf6 8. Be2
O-O 9. O-O d6 10. Rc1 e6 11. f4 Qc7 12. b3 Rd8 13. Bf3 1/2-1/2

[Event "SR 2. liga A 2002/2003"]
[Site "?"]
[Date "2003.01.18"]
[Round "7.5"]
[White "Srna, Jan"]
[Black "Kollarik, Gorazd"]
[Result "1-0"]
[WhiteElo "2073"]
[BlackElo "1820"]
[PlyCount "113"]
[EventDate "2002.??.??"]

1. d4 d5 2. Bf4 Nf6 3. h4 e6 4. Nf3 c5 5. e3 Nc6 6. c3 Bd6 7. Ne5 a6 8. Nd2 Qc7
9. Ndf3 h6 10. Bd3 c4 11. Bc2 Nd7 12. Nxd7 Bxd7 13. Bxd6 Qxd6 14. e4 dxe4 15.
Bxe4 O-O 16. Qe2 b5 17. Ne5 Rac8 18. Rd1 Ne7 19. O-O Nd5 20. Bb1 Bc6 21. Qc2
Nf6 22. Rde1 Bb7 23. Ng4 Ne4 24. Rxe4 Bxe4 25. Qxe4 f5 26. Qe5 Qxe5 27. Nxe5 g5
28. h5 Kg7 29. Re1 Rfe8 30. g4 f4 31. Kg2 Rc7 32. Nf3 Ree7 33. Nd2 Rcd7 34. Ne4
a5 35. Nc5 Rd6 36. Kf3 b4 37. Bc2 bxc3 38. bxc3 Rb6 39. Bf5 Rb2 40. a4 Ra2 41.
Bxe6 Rc2 42. Ke4 Rxc3 43. Kf5 Rc2 44. Rb1 Rd2 45. d5 c3 46. Ne4 Rb2 47. Nxc3
Rxb1 48. Nxb1 Rc7 49. Na3 Rc5 50. Ke5 Kf8 51. Kf6 Rc8 52. Nb5 Rc2 53. f3 Ke8
54. d6 Kd8 55. Nd4 Rc3 56. d7 Rc1 57. Nf5 1-0

[Event "SR 2. liga A 2002/2003"]
[Site "?"]
[Date "2003.01.18"]
[Round "7.5"]
[White "Syrovy, Ivan"]
[Black "Puskas, Miroslav"]
[Result "1-0"]
[WhiteElo "2066"]
[BlackElo "2142"]
[PlyCount "131"]
[EventDate "2002.??.??"]

1. e4 c5 2. Nf3 d6 3. Bc4 e6 4. Qe2 Nc6 5. c3 Be7 6. O-O Nf6 7. Bb3 O-O 8. d4
cxd4 9. cxd4 a5 10. Nc3 b6 11. Rd1 Ba6 12. Bc4 Bxc4 13. Qxc4 Rc8 14. Qe2 Re8
15. Bg5 Nd7 16. Bxe7 Qxe7 17. Nb5 Ndb8 18. e5 dxe5 19. dxe5 Red8 20. Nd6 Rc7
21. Rd2 Rcd7 22. Rad1 f6 23. exf6 gxf6 24. Ne4 Rd5 25. Nc3 Rxd2 26. Rxd2 Rxd2
27. Nxd2 Nd7 28. h3 Nce5 29. Qe4 f5 30. Qb7 Qc5 31. Qa8+ Qf8 32. Qb7 Qc5 33.
Qa8+ Qf8 34. Qxf8+ Kxf8 35. Kf1 Ke7 36. Ke2 Kd6 37. f4 Nc6 38. Nf3 h6 39. Nb5+
Kd5 40. Ke3 Nc5 41. g4 fxg4 42. hxg4 a4 43. Nbd4 Nxd4 44. Nxd4 Nd7 45. Nb5 Kc6
46. Nc3 b5 47. g5 hxg5 48. fxg5 Nf8 49. Ke4 Ng6 50. Kd4 Kb6 51. Nd1 Kc6 52. Ne3
Kd6 53. Ng4 b4 54. Kc4 b3 55. a3 Nf4 56. Kd4 Ng6 57. Ke4 e5 58. Kf5 Nh4+ 59.
Kf6 e4 60. Ne5 Kc5 61. g6 Nxg6 62. Nxg6 Kd4 63. Nf4 e3 64. Kf5 e2 65. Nxe2+ Kd3
66. Nc3 1-0

[Event "SR 2. liga A 2002/2003"]
[Site "?"]
[Date "2003.01.18"]
[Round "7.6"]
[White "Bukovsky, Milan"]
[Black "Kralovic, Andrej"]
[Result "0-1"]
[WhiteElo "2056"]
[BlackElo "2055"]
[PlyCount "38"]
[EventDate "2002.??.??"]

1. c4 e5 2. Nc3 Nc6 3. Nf3 f5 4. d4 exd4 5. Nxd4 d6 6. g3 Nxd4 7. Qxd4 Nf6 8.
Bg2 Be7 9. O-O O-O 10. b3 c6 11. Bb2 Qe8 12. Rae1 Qh5 13. e4 f4 14. Qd1 Ng4 15.
h3 f3 16. hxg4 Bxg4 17. Bh1 Rf6 18. Bc1 g5 19. Re3 Rh6 0-1

[Event "SR 2. liga A 2002/2003"]
[Site "?"]
[Date "2003.01.18"]
[Round "7.6"]
[White "Filip, Frantisek"]
[Black "Hrncar, Lubomir"]
[Result "0-1"]
[WhiteElo "1825"]
[BlackElo "2065"]
[PlyCount "96"]
[EventDate "2002.??.??"]

1. e4 e6 2. Ne2 d5 3. exd5 exd5 4. Ng3 Nf6 5. d3 Bd6 6. Be2 Be6 7. O-O O-O 8.
b3 c5 9. Bb2 Nc6 10. Nd2 Ne5 11. d4 cxd4 12. Bxd4 Nc6 13. Bb2 Bf4 14. Nf3 Rc8
15. Bc1 Bd6 16. a3 Ne4 17. Be3 Nc3 18. Qd3 Ne5 19. Nxe5 Bxe5 20. Bf3 Ne4 21.
Rad1 Qh4 22. Bxe4 dxe4 23. Qb5 Bxg3 24. fxg3 Qe7 25. b4 Bc4 26. Qf5 Bxf1 27.
Rxf1 Rfe8 28. Bc5 Qe6 29. Qf2 e3 30. Qe2 Rcd8 31. Rd1 Rxd1+ 32. Qxd1 e2 33. Qe1
b6 34. Bd4 Qa2 35. c3 Qxa3 36. g4 Qb3 37. Kf2 Qe6 38. h3 Qe4 39. g3 h5 40. gxh5
Qf5+ 41. Kg2 Qxh5 42. Bf2 Qd5+ 43. Kg1 Qe4 44. Bd4 Qf3 45. Bf2 Re6 46. Qd2 Rf6
47. Be1 Qf1+ 48. Kh2 Rf2+ 0-1

[Event "SR 2. liga A 2002/2003"]
[Site "?"]
[Date "2003.01.18"]
[Round "7.6"]
[White "Kruppa, Dominik"]
[Black "Kovarik, Oto"]
[Result "0-1"]
[WhiteElo "2091"]
[BlackElo "2103"]
[PlyCount "54"]
[EventDate "2002.??.??"]

1. e4 c5 2. Nf3 d6 3. d4 cxd4 4. Nxd4 Nc6 5. Nc3 Nf6 6. Bg5 e5 7. Ndb5 a6 8.
Na3 Be6 9. Bxf6 Qxf6 10. Nd5 Qd8 11. c3 Ne7 12. Nxe7 Bxe7 13. Qa4+ b5 14. Qd1
d5 15. Nxb5 axb5 16. Bxb5+ Bd7 17. Bxd7+ Qxd7 18. Qxd5 Rd8 19. Qxd7+ Rxd7 20.
Rd1 Rb7 21. Rd2 Bg5 22. Rc2 Kd7 23. Ke2 Rc8 24. Rd1+ Ke6 25. Rd5 f5 26. Kd3
fxe4+ 27. Kxe4 Rc4+ 0-1

[Event "SR 2. liga A 2002/2003"]
[Site "?"]
[Date "2003.01.18"]
[Round "7.6"]
[White "Mandak, Miroslav"]
[Black "Kebis, Milos"]
[Result "1-0"]
[WhiteElo "2089"]
[BlackElo "2079"]
[PlyCount "109"]
[EventDate "2002.??.??"]

1. e4 g6 2. d4 Bg7 3. Nc3 d6 4. Be3 Nf6 5. f3 O-O 6. Qd2 e5 7. Nge2 Nc6 8.
O-O-O Nh5 9. d5 Ne7 10. g4 Nf6 11. Ng3 Ne8 12. Rg1 c6 13. h4 cxd5 14. exd5 a6
15. h5 f6 16. hxg6 hxg6 17. Bh6 Kf7 18. Bxg7 Nxg7 19. Rh1 Bd7 20. Nge4 Qc7 21.
Be2 b5 22. f4 b4 23. Nb1 Qb6 24. Rdf1 Qd4 25. Nxd6+ Kg8 26. Qxd4 exd4 27. Bf3
Ne8 28. Nxe8 Raxe8 29. Rd1 Nc8 30. Rxd4 Re3 31. Rf1 Rfe8 32. c4 bxc3 33. Nxc3
Nd6 34. Bd1 Rg3 35. Rb4 a5 36. Rb6 Nc4 37. Rxf6 Kg7 38. Ra6 Rb8 39. Ra7 Rd8 40.
Ba4 Nb6 41. Bxd7 Rxd7 42. Rxd7+ Nxd7 43. g5 Nc5 44. Rd1 Kf7 45. Kc2 Rf3 46. Ne2
Rf2 47. Kd2 Rf3 48. Kc2 Rf2 49. Re1 Ke7 50. Kd2 Rh2 51. Kc3 Kd6 52. Kd4 Rh3 53.
Nc3 Nd3 54. Ne4+ Kd7 55. Nc5+ 1-0

[Event "SR 2. liga A 2002/2003"]
[Site "?"]
[Date "2003.01.18"]
[Round "7.6"]
[White "Mikulas, Dusan"]
[Black "Stefan, Oldrich"]
[Result "1/2-1/2"]
[WhiteElo "2154"]
[BlackElo "2050"]
[PlyCount "23"]
[EventDate "2002.??.??"]

1. e4 c5 2. Nf3 Nc6 3. d4 cxd4 4. Nxd4 Nf6 5. Nc3 d6 6. Be2 e5 7. Nb3 Be7 8.
O-O O-O 9. Kh1 a5 10. a4 Be6 11. f4 Nb4 12. f5 1/2-1/2

[Event "SR 2. liga A 2002/2003"]
[Site "?"]
[Date "2003.01.18"]
[Round "7.6"]
[White "Stepanovic, Branislav"]
[Black "Palka, Miroslav"]
[Result "1-0"]
[WhiteElo "2060"]
[BlackElo "2010"]
[PlyCount "131"]
[EventDate "2002.??.??"]

1. e4 c5 2. Nf3 d6 3. d4 cxd4 4. Nxd4 Nf6 5. Nc3 g6 6. Bc4 Bg7 7. Be3 O-O 8. f3
Nc6 9. Qd2 Bd7 10. O-O-O Ne5 11. Bb3 Qa5 12. Bh6 Bxh6 13. Qxh6 Rac8 14. Nce2
Nc4 15. g4 Qe5 16. Rhg1 b5 17. h4 Ne8 18. h5 Rc5 19. hxg6 fxg6 20. Rh1 Qg5+ 21.
Qxg5 Rxg5 22. a4 a6 23. axb5 axb5 24. Nc3 Kh8 25. Rh3 Nb6 26. Rdh1 Nf6 27. Be6
Be8 28. f4 Rc5 29. Bb3 Bd7 30. f5 gxf5 31. exf5 Ra8 32. Kd2 Nc4+ 33. Bxc4 Rxc4
34. Nce2 Ne4+ 35. Ke3 Ng5 36. Rh5 Rg8 37. b3 Rc5 38. Nf3 Bc6 39. Nxg5 Rxg5 40.
Rxh7+ Kg8 41. Rh8+ Kf7 42. R1h7+ Rg7 43. Nd4 Re5+ 44. Kf2 Rc5 45. g5 Rxh7 46.
Rxh7+ Ke8 47. Rh8+ Kf7 48. g6+ Kf6 49. Rf8+ Ke5 50. g7 Bd5 51. Ne6 Rxc2+ 52.
Ke3 Rc3+ 53. Kd2 Rg3 54. g8=Q Rxg8 55. Rxg8 Kxf5 56. Nd4+ Kf6 57. Rg3 b4 58.
Nc2 e5 59. Nxb4 Bb7 60. Rg8 Bh1 61. Rh8 Bg2 62. Nc2 Bd5 63. b4 Ke6 64. b5 Kd7
65. Rh7+ Kc8 66. Nb4 1-0

[Event "SR 2. liga A 2002/2003"]
[Site "?"]
[Date "2003.01.18"]
[Round "7.7"]
[White "Ac, Alexander"]
[Black "Krist, Milan"]
[Result "0-1"]
[WhiteElo "2099"]
[BlackElo "2001"]
[PlyCount "61"]
[EventDate "2002.??.??"]

1. e4 e6 2. d4 d5 3. Nd2 Nf6 4. e5 Nfd7 5. f4 c5 6. Ndf3 Nc6 7. c3 cxd4 8. Nxd4
Nxd4 9. cxd4 Bb4+ 10. Bd2 Qa5 11. Nf3 Nb6 12. Qb3 Bxd2+ 13. Nxd2 Bd7 14. Rc1
O-O 15. Rc5 Qa4 16. Qxa4 Nxa4 17. Rc7 Bc6 18. b3 Nc3 19. a4 Rfc8 20. Rxc8+ Rxc8
21. Bd3 Na2 22. Bb1 Nb4 23. Nf3 Bxa4 24. Kd2 Bxb3 25. f5 h6 26. fxe6 fxe6 27.
Bg6 Bc4 28. Ra1 a6 29. Rb1 a5 30. Rb2 b5 31. Ne1 0-1

[Event "SR 2. liga A 2002/2003"]
[Site "?"]
[Date "2003.01.18"]
[Round "7.7"]
[White "Duris, Ivan"]
[Black "Borik, M."]
[Result "1-0"]
[WhiteElo "2023"]
[BlackElo "1951"]
[PlyCount "79"]
[EventDate "2002.??.??"]

1. e4 e5 2. Nf3 Nc6 3. Bb5 a6 4. Ba4 Nf6 5. d3 b5 6. Bb3 Be7 7. Nc3 d6 8. a4 b4
9. Nd5 Nxd5 10. Bxd5 Bb7 11. a5 Nxa5 12. Rxa5 c6 13. Bxf7+ Kxf7 14. Ra1 Bc8 15.
Ng5+ Kg6 16. h4 h5 17. Qf3 Bxg5 18. Bxg5 Qe8 19. Qg3 Kh7 20. O-O Rf8 21. f4 a5
22. Ra4 c5 23. Rfa1 Qb5 24. fxe5 dxe5 25. Qxe5 Bg4 26. Be7 Rfc8 27. b3 Qb6 28.
Kh1 Ra6 29. Rf1 Qb5 30. Rf7 Rg6 31. Bf8 Rxf8 32. Rxf8 Rc6 33. Qd5 Qb6 34. Ra1
Qc7 35. Qd8 Qg3 36. Rh8+ Kg6 37. Qg5+ Kf7 38. Rf1+ Rf6 39. Rxf6+ gxf6 40. Rh7+
1-0

[Event "SR 2. liga A 2002/2003"]
[Site "?"]
[Date "2003.01.18"]
[Round "7.7"]
[White "Pospichal, Karol"]
[Black "Hertel, Ondrej"]
[Result "1/2-1/2"]
[WhiteElo "1827"]
[BlackElo "1739"]
[PlyCount "72"]
[EventDate "2002.??.??"]

1. e4 e5 2. c4 c5 3. Nc3 Nc6 4. Nge2 d6 5. Nd5 Nf6 6. Nec3 Nxd5 7. Nxd5 Nd4 8.
g3 g6 9. Bg2 Bg7 10. O-O O-O 11. d3 Be6 12. f4 Qd7 13. Be3 Bg4 14. Qd2 f6 15.
Rf2 Be6 16. f5 Bxd5 17. Bxd4 cxd4 18. exd5 g5 19. g4 Rfc8 20. a4 h6 21. a5 Bf8
22. b4 b6 23. Qa2 b5 24. Rc2 bxc4 25. Rxc4 Rxc4 26. dxc4 Kg7 27. Be4 Be7 28.
Qb3 h5 29. h3 hxg4 30. hxg4 Rh8 31. Ra2 Rh4 32. Rg2 Bd8 33. Bf3 Rh3 34. Qd1 Qe8
35. Rh2 Rxh2 36. Kxh2 e4 1/2-1/2

[Event "SR 2. liga A 2002/2003"]
[Site "?"]
[Date "2003.01.18"]
[Round "7.7"]
[White "Samko, Karol"]
[Black "Diviak, Rastislav"]
[Result "1/2-1/2"]
[WhiteElo "1982"]
[BlackElo "1824"]
[PlyCount "82"]
[EventDate "2002.??.??"]

1. e4 d6 2. d4 Nf6 3. Nc3 g6 4. Bg5 Bg7 5. e5 Nfd7 6. f4 O-O 7. Bc4 Nb6 8. Bb3
Nc6 9. Nf3 Na5 10. O-O Nxb3 11. axb3 Re8 12. Re1 c6 13. Ne4 d5 14. Nd6 Rf8 15.
Nxc8 Nxc8 16. Qe2 Qc7 17. Qf2 f6 18. Bh4 Nb6 19. Qe2 Rfe8 20. Qd3 a6 21. Re2 f5
22. Be1 Nd7 23. Ng5 e6 24. Qh3 h6 25. Nf3 c5 26. c3 cxd4 27. cxd4 Qb6 28. b4
Rac8 29. Qg3 Nf8 30. Bc3 Qb5 31. Rd2 Rc7 32. Ne1 Kh7 33. Ra5 Qc4 34. Qd3 Qc6
35. Rc5 Qd7 36. Rxc7 Qxc7 37. Rc2 Rc8 38. Bd2 Qd8 39. b5 Rxc2 40. Nxc2 Qb6 41.
bxa6 bxa6 1/2-1/2

[Event "SR 2. liga A 2002/2003"]
[Site "?"]
[Date "2003.01.18"]
[Round "7.7"]
[White "Vach, Pavol"]
[Black "Pobjecky, Ivan"]
[Result "1-0"]
[WhiteElo "1942"]
[BlackElo "2005"]
[PlyCount "93"]
[EventDate "2002.??.??"]

1. d4 Nf6 2. c4 g6 3. Nc3 Bg7 4. e4 d6 5. Nf3 O-O 6. Be2 Nc6 7. O-O e5 8. dxe5
dxe5 9. Qxd8 Rxd8 10. Bg5 Re8 11. Nd5 Nxd5 12. cxd5 Nd4 13. Nxd4 exd4 14. f3
Bd7 15. Bd3 c5 16. dxc6 Bxc6 17. Rfc1 Rac8 18. Rc2 h6 19. Bd2 Rcd8 20. b4 Ba4
21. Rc7 Bc6 22. Bc4 Rd7 23. Rxd7 Bxd7 24. Rc1 Kf8 25. b5 Rc8 26. Bd3 Ke8 27.
Kf2 g5 28. Ke2 Be5 29. g3 Bd6 30. Rxc8+ Bxc8 31. Bc4 Be6 32. Kd3 Bc5 33. Bc1
Bh3 34. Ke2 Be6 35. Bxe6 fxe6 36. e5 d3+ 37. Kxd3 Bg1 38. Ke2 Bd4 39. Be3 Bxe5
40. Bxa7 Ke7 41. Bc5+ Bd6 42. Bxd6+ Kxd6 43. Kd3 Kc5 44. Ke4 Kxb5 45. Ke5 Kc4
46. Kxe6 Kd4 47. f4 1-0

[Event "SR 2. liga A 2002/2003"]
[Site "?"]
[Date "2003.01.18"]
[Round "7.8"]
[White "Antol, Ladislav"]
[Black "Dzavik, Jozef"]
[Result "0-1"]
[WhiteElo "2039"]
[BlackElo "1997"]
[PlyCount "40"]
[EventDate "2002.??.??"]

1. e4 e6 2. Nf3 d5 3. exd5 exd5 4. d4 Be7 5. Bd3 Nf6 6. O-O Bg4 7. Re1 O-O 8.
Nbd2 Nc6 9. c3 Bd6 10. Nf1 h6 11. Ne3 Qd7 12. Nxg4 Qxg4 13. Qc2 Rfe8 14. Bd2
Ne4 15. h3 Qf5 16. c4 Nxd4 17. Bxe4 Nxf3+ 18. gxf3 dxe4 19. c5 Qxh3 20. fxe4
Bh2+ 0-1

[Event "SR 2. liga A 2002/2003"]
[Site "?"]
[Date "2003.01.18"]
[Round "7.8"]
[White "Chrenko, Peter"]
[Black "Galan, Anton"]
[Result "0-1"]
[WhiteElo "2025"]
[BlackElo "1966"]
[PlyCount "134"]
[EventDate "2002.??.??"]

1. Nf3 c5 2. g3 d5 3. Bg2 Nc6 4. d4 cxd4 5. Nxd4 e5 6. Nxc6 bxc6 7. O-O Be6 8.
c4 Qd7 9. Qa4 Ne7 10. Rd1 Rd8 11. Nc3 f6 12. b4 Kf7 13. Ne4 Nc8 14. c5 Bh3 15.
Bh1 Be7 16. f3 h5 17. Nf2 Be6 18. Bb2 g5 19. Nd3 Qc7 20. Rf1 Bh3 21. Rf2 Rdg8
22. e4 d4 23. Bg2 Be6 24. Raf1 Ke8 25. b5 Bd7 26. bxc6 Bxc6 27. Qb3 Qb7 28. Qc2
h4 29. Rb1 hxg3 30. hxg3 Qd7 31. Nb4 Rh6 32. Nxc6 Qxc6 33. Ba3 Rgh8 34. Qc4 Nb6
35. Qb5 Qxb5 36. Rxb5 Nc4 37. Rb8+ Kf7 38. Rxh8 Rxh8 39. Bb4 Rc8 40. Bf1 Ne3
41. Ba6 Rb8 42. c6 Rxb4 43. c7 Rb1+ 44. Kh2 Rc1 45. c8=Q Rxc8 46. Bxc8 d3 47.
Kh3 Bb4 48. Ba6 d2 49. Be2 d1=Q 50. Bxd1 Nxd1 51. Rc2 Ba5 52. Rc5 Bb6 53. Rc2
Ke7 54. Rc6 Kf7 55. a4 Kg6 56. Rc8 Kf7 57. Rc6 Kg6 58. Rc8 Kf7 59. Rc2 g4+ 60.
fxg4 Nf2+ 61. Kg2 Nxe4 62. Kf3 Ng5+ 63. Kg2 Ne6 64. Rb2 e4 65. Rc2 Nd4 66. Rb2
e3 67. Kf1 e2+ 0-1

[Event "SR 2. liga A 2002/2003"]
[Site "?"]
[Date "2003.01.18"]
[Round "7.8"]
[White "Karlik, Lubomir"]
[Black "Vach, Jozef"]
[Result "1-0"]
[WhiteElo "1891"]
[BlackElo "1860"]
[PlyCount "81"]
[EventDate "2002.??.??"]

1. d4 d5 2. c4 e6 3. Nc3 Nf6 4. Bg5 Be7 5. e3 O-O 6. Nf3 b6 7. cxd5 exd5 8. Bd3
Be6 9. O-O Nbd7 10. Rc1 c5 11. h3 c4 12. Bb1 a6 13. Qc2 b5 14. Ne5 g6 15. Nc6
Qe8 16. Bh6 Bd6 17. Qd2 Rc8 18. Bxf8 Qxf8 19. Ne5 Qh6 20. f4 b4 21. Ne2 Ne4 22.
Bxe4 dxe4 23. Ng3 f5 24. d5 c3 25. bxc3 bxc3 26. Rxc3 Nxe5 27. fxe5 Bxe5 28.
Rxc8+ Bxc8 29. Rc1 Bd7 30. Ne2 Qf8 31. Qa5 Qd6 32. Qc5 Qf6 33. Nd4 f4 34. Nc6
Bd6 35. Qc3 Qg5 36. exf4 Bxf4 37. Rf1 Be3+ 38. Kh1 Bf4 39. d6 e3 40. Ne7+ Kf7
41. Qxe3 1-0

[Event "SR 2. liga A 2002/2003"]
[Site "?"]
[Date "2003.01.18"]
[Round "7.8"]
[White "Mihalik, Anton"]
[Black "Zisek, Jaroslav"]
[Result "1/2-1/2"]
[WhiteElo "1939"]
[BlackElo "1732"]
[PlyCount "32"]
[EventDate "2002.??.??"]

1. e4 c5 2. Nc3 d6 3. g3 Nc6 4. Bg2 e5 5. d3 Nge7 6. Nge2 g6 7. O-O Bg7 8. Be3
O-O 9. Qd2 Nd4 10. Nd1 f5 11. f4 Nec6 12. c3 Nxe2+ 13. Qxe2 Be6 14. Nf2 Rc8 15.
Qd2 b6 16. Bh3 d5 1/2-1/2

[Event "SR 2. liga A 2002/2003"]
[Site "?"]
[Date "2003.01.18"]
[Round "7.8"]
[White "Peska, Juraj"]
[Black "Beles, Milan"]
[Result "0-1"]
[WhiteElo "1617"]
[BlackElo "1817"]
[PlyCount "120"]
[EventDate "2002.??.??"]

1. c4 c5 2. Nc3 Nf6 3. g3 d5 4. cxd5 Nxd5 5. Bg2 Nc7 6. d3 e5 7. Nf3 Nc6 8. O-O
Be7 9. Bd2 O-O 10. Rc1 f5 11. a3 Ne6 12. Qb3 Kh8 13. Qd5 Bf6 14. Qxd8 Rxd8 15.
Rfd1 Rb8 16. Na2 Ned4 17. Nxd4 Nxd4 18. Kf1 Be6 19. Nc3 b5 20. Be3 Bb3 21. Rd2
b4 22. Bxd4 cxd4 23. Nd1 Bg5 24. e3 Bxd1 25. Rdxd1 dxe3 26. fxe3 Bxe3 27. Rc2
Rdc8 28. Rc4 bxa3 29. bxa3 Rd8 30. Ke2 Bd4 31. Ra4 g6 32. Rc4 Rb3 33. a4 Rdb8
34. Rd2 Ra3 35. Bc6 Rb1 36. h4 Rg1 37. Bd5 Rxg3 38. Rc8+ Kg7 39. Rg8+ Kh6 40.
Ra8 Rh3 41. Rc8 Rxa4 42. Rc7 Rxh4 43. Bg8 Rh2+ 44. Kd1 Ra1+ 45. Kc2 Rxd2+ 46.
Kxd2 Kg5 47. Bxh7 Ra2+ 48. Kd1 Ra6 49. Ke2 Kg4 50. Rg7 Ra2+ 51. Kd1 g5 52. Rf7
f4 53. Bf5+ Kf3 54. Rg7 Ke3 55. Rxg5 Rd2+ 56. Ke1 f3 57. Rg3 Bc3 58. Rxf3+ Kxf3
59. Be4+ Ke3 60. Kf1 Rxd3 0-1

[Event "SR 2. liga A 2002/2003"]
[Site "?"]
[Date "2003.02.08"]
[Round "8.1"]
[White "Abel, Peter"]
[Black "Bezuch, Martin"]
[Result "1-0"]
[WhiteElo "2218"]
[BlackElo "2124"]
[PlyCount "139"]
[EventDate "2002.??.??"]

1. c4 e5 2. Nc3 Nf6 3. Nf3 Nc6 4. e3 Bb4 5. Qc2 Bxc3 6. Qxc3 Qe7 7. a3 d5 8. d4
exd4 9. Nxd4 Nxd4 10. Qxd4 c5 11. Qh4 dxc4 12. Bxc4 Be6 13. b3 Bxc4 14. Qxc4
O-O 15. Bb2 Rfd8 16. O-O b6 17. b4 Ne4 18. f3 Ng5 19. e4 Rac8 20. Rad1 Ne6 21.
bxc5 Rxc5 22. Qb3 Rdc8 23. Rf2 Nf4 24. Rfd2 Qg5 25. g3 h5 26. Kh1 Nh3 27. Kg2
Nf4+ 28. Kh1 Nh3 29. Kg2 Nf4+ 30. Kh1 Nh3 31. Rd5 Rc3 32. Rd8+ Rxd8 33. Rxd8+
Qxd8 34. Qxc3 f6 35. Kg2 Ng5 36. Qb3+ Kh7 37. Bc1 Qd4 38. Qb5 Nf7 39. Qxh5+ Kg8
40. Qd5 Qc3 41. Qd2 Qb3 42. h4 Ne5 43. Qd5+ Qxd5 44. exd5 b5 45. f4 Nc4 46. Kf3
f5 47. Ke2 Nb6 48. Kd3 Nd7 49. Be3 a6 50. Kc3 a5 51. Bd4 g6 52. Be5 Nb6 53. Kd4
Nd7 54. Bc7 b4 55. axb4 axb4 56. Kc4 Kf7 57. Be5 b3 58. Kxb3 Nb6 59. d6 Ke6 60.
Kb4 Nd7 61. Kc4 Nb6+ 62. Kc5 Nd7+ 63. Kc6 Nb8+ 64. Kb7 Nd7 65. Kc8 Nc5 66. Kd8
Nd7 67. Ke8 Nc5 68. Kf8 Ne4 69. Kg7 Nxg3 70. Kxg6 1-0

[Event "SR 2. liga A 2002/2003"]
[Site "?"]
[Date "2003.02.08"]
[Round "8.1"]
[White "Cvicela, Anton"]
[Black "Petreje, Juraj"]
[Result "0-1"]
[WhiteElo "2182"]
[BlackElo "2180"]
[PlyCount "73"]
[EventDate "2002.??.??"]

1. e4 c5 2. Nf3 Nc6 3. d4 cxd4 4. Nxd4 Nf6 5. Nc3 Qc7 6. Be3 e6 7. Be2 a6 8. a3
b5 9. O-O Bb7 10. Nxc6 Bxc6 11. Bf3 Rc8 12. Re1 Bd6 13. g3 O-O 14. Qd3 Ne8 15.
Bg2 Be7 16. Rad1 d6 17. f4 Nf6 18. Qe2 Nd7 19. Bd4 Ba8 20. Rd2 Nb6 21. Qg4 e5
22. Bxb6 Qxb6+ 23. Kh1 Rc5 24. f5 Rfc8 25. Rf1 Qd8 26. Rdf2 f6 27. Qd1 Qe8 28.
g4 a5 29. Qd3 Bc6 30. Ra1 Qf7 31. Nd5 Bxd5 32. exd5 Qe8 33. Be4 Bd8 34. c3 Bb6
35. Rg2 Kh8 36. g5 Rc4 37. Qf3 {cas} 0-1

[Event "SR 2. liga A 2002/2003"]
[Site "?"]
[Date "2003.02.08"]
[Round "8.1"]
[White "Jablonicky, Frantisek"]
[Black "Flasik, Radoslav"]
[Result "1-0"]
[WhiteElo "2234"]
[BlackElo "2230"]
[PlyCount "103"]
[EventDate "2002.??.??"]

1. Nf3 c5 2. c4 b6 3. d4 cxd4 4. Nxd4 Bb7 5. Nc3 Nf6 6. Bg5 d6 7. f3 Nbd7 8. e4
a6 9. Be2 e6 10. Qd2 Be7 11. O-O O-O 12. Rfd1 Qc7 13. Rac1 Rac8 14. Be3 Rfe8
15. Bf1 Qb8 16. Qf2 Bd8 17. b3 Bc7 18. g4 Ne5 19. Bg5 Bd8 20. h4 Qa7 21. Be3
Qb8 22. Bh3 Nfd7 23. g5 Nc5 24. Rc2 Bc7 25. Rcd2 Rcd8 26. h5 Nc6 27. g6 fxg6
28. hxg6 h6 29. Qh4 Nxd4 30. Rxd4 Rd7 31. b4 Bd8 32. Qg3 Bf6 33. bxc5 Bxd4 34.
Rxd4 bxc5 35. Rd2 Bc6 36. Kg2 Qb4 37. Ne2 Qxc4 38. Nf4 Qc3 39. Kf2 Qf6 40. Nh5
Qe7 41. Bf4 d5 42. e5 d4 43. Qg4 Bd5 44. Bxh6 Rf8 45. Nf4 Rf5 46. Nxd5 Rxd5 47.
Bg5 Qxg5 48. Qxg5 Rxg5 49. Bxe6+ Kf8 50. Bxd5 Rxe5 51. Bf7 Re7 52. Re2 1-0

[Event "SR 2. liga A 2002/2003"]
[Site "?"]
[Date "2003.02.08"]
[Round "8.1"]
[White "Kleman, Miroslav"]
[Black "Harasta, Vladimir"]
[Result "1/2-1/2"]
[WhiteElo "2207"]
[BlackElo "2190"]
[PlyCount "130"]
[EventDate "2002.??.??"]

1. e4 c5 2. Nc3 Nc6 3. g3 g6 4. Bg2 Bg7 5. Nge2 e6 6. d3 Nge7 7. Be3 Nd4 8. O-O
O-O 9. Qd2 Nec6 10. Nd1 Nxe2+ 11. Qxe2 d6 12. c3 Rb8 13. f4 Bd7 14. g4 f5 15.
g5 Ne7 16. Nf2 Bc6 17. Rad1 Qa5 18. Qc2 Ba4 19. b3 Bc6 20. d4 cxd4 21. Bxd4 e5
22. Be3 fxe4 23. Nxe4 Nf5 24. Bf2 exf4 25. b4 Qe5 26. Bxa7 Rbe8 27. Rfe1 Ne3
28. Bxe3 Bxe4 29. Qxe4 Qxe4 30. Bxe4 Rxe4 31. Bf2 Rxe1+ 32. Bxe1 Re8 33. Kf2
Ra8 34. Ra1 Ra3 35. Kf3 Kf7 36. Ke4 Ke6 37. Bd2 Bxc3 38. Bxc3 Rxc3 39. Kxf4
Rc4+ 40. Kg3 Rxb4 41. Re1+ Kf5 42. h4 Rg4+ 43. Kh3 Ra4 44. Rf1+ Rf4 45. Rb1
Rf3+ 46. Kg2 Ra3 47. Rxb7 Rxa2+ 48. Kg3 Ra3+ 49. Kg2 Kg4 50. Rxh7 Ra2+ 51. Kf1
d5 52. Rd7 Kf3 53. Rf7+ Ke3 54. Re7+ Kd3 55. Re6 Rh2 56. Rxg6 Rxh4 57. Rg8 d4
58. g6 Kd2 59. g7 Rf4+ 60. Kg2 d3 61. Kg3 Rf7 62. Kh4 Rc7 63. Kh5 Kc2 64. Kh6
d2 65. Rd8 d1=Q 1/2-1/2

[Event "SR 2. liga A 2002/2003"]
[Site "?"]
[Date "2003.02.08"]
[Round "8.1"]
[White "Meszaros, Michal"]
[Black "Tibensky, Robert"]
[Result "1/2-1/2"]
[WhiteElo "2309"]
[BlackElo "2446"]
[PlyCount "34"]
[EventDate "2002.??.??"]

1. e4 e6 2. d4 d5 3. Nd2 a6 4. Ngf3 c5 5. c3 Nc6 6. dxc5 Bxc5 7. Bd3 Nge7 8.
O-O O-O 9. Nb3 Bb6 10. Qe2 Ng6 11. Re1 Bd7 12. Be3 Bc7 13. Rad1 Nce5 14. Nxe5
Nxe5 15. Bb1 Qh4 16. g3 Qh3 17. f4 Bb5 1/2-1/2

[Event "SR 2. liga A 2002/2003"]
[Site "?"]
[Date "2003.02.08"]
[Round "8.1"]
[White "Tepper, Frantisek"]
[Black "Plachetka, Jan"]
[Result "0-1"]
[WhiteElo "2215"]
[BlackElo "2251"]
[PlyCount "75"]
[EventDate "2002.??.??"]

1. e4 c5 2. Nc3 Nc6 3. g3 g6 4. Bg2 Bg7 5. d3 d6 6. Be3 e6 7. Nge2 Nd4 8. O-O
Ne7 9. Qd2 Qa5 10. Nc1 Bd7 11. f4 Nec6 12. Qf2 O-O 13. a3 Qb6 14. Nd1 a5 15. c3
Nb3 16. Nxb3 Qxb3 17. g4 f5 18. gxf5 gxf5 19. e5 dxe5 20. Bxc5 Rf6 21. Ne3 exf4
22. Nc4 Rg6 23. Bd6 Ne5 24. Nd2 Qxb2 25. Bxe5 Bxe5 26. d4 Bf6 27. Kh1 Qxc3 28.
Rac1 Qxd4 29. Qxd4 Bxd4 30. Bxb7 Rb8 31. Nf3 Rxb7 32. Nxd4 e5 33. Nf3 Bc6 34.
Rxc6 Rxc6 35. Nxe5 Rc2 36. Nd3 f3 37. Ne5 Rbb2 38. Nxf3 {time} 0-1

[Event "SR 2. liga A 2002/2003"]
[Site "?"]
[Date "2003.02.08"]
[Round "8.2"]
[White "Banas, Jan"]
[Black "Fabry, Robert"]
[Result "1-0"]
[WhiteElo "2365"]
[BlackElo "2202"]
[PlyCount "65"]
[EventDate "2002.??.??"]

1. c4 Nf6 2. Nc3 e6 3. e4 d5 4. e5 d4 5. exf6 dxc3 6. bxc3 Qxf6 7. Nf3 Bd6 8.
d4 h6 9. Bd3 Nd7 10. O-O O-O 11. Qe2 Rd8 12. Qe4 Nf8 13. a4 c6 14. a5 a6 15.
Ba3 Bxa3 16. Rxa3 Ng6 17. c5 e5 18. Nxe5 Nxe5 19. dxe5 Qg6 20. Qxg6 fxg6 21.
Bxg6 Rd5 22. f4 Kf8 23. Be4 Rxc5 24. Kf2 Be6 25. Rb1 Rb8 26. Ke3 Ke7 27. Rb4
Kd7 28. f5 Bg8 29. Kd4 Rb5 30. Rxb5 axb5 31. a6 b6 32. e6+ Kd6 33. a7 1-0